| Tag |
First Indicator |
Second Indicator |
Subfields |
| LEADER |
00000cam a2200000 i 4500 |
| 001 |
in00005681521 |
| 005 |
20260205210652.7 |
| 006 |
m o d |
| 007 |
cr |n|---||||| |
| 008 |
191214s2019 mou o 000 0 eng d |
| 040 |
|
|
|a EBLCP
|b eng
|e pn
|c EBLCP
|d OCLCQ
|d LOA
|d OCLCO
|d OCLCF
|d OCLCO
|d OCLCQ
|d OCLCO
|d OCLCQ
|d OCLCL
|d OCLCQ
|d OCLCL
|
| 020 |
|
|
|a 9780323461993
|
| 020 |
|
|
|a 0323461999
|
| 035 |
|
|
|a (OCoLC)1127218171
|
| 050 |
|
4 |
|a TP247.7
|b .L36 2020
|
| 082 |
0 |
4 |
|a 668.411
|q OCoLC
|2 23/eng/20231120
|
| 049 |
|
|
|a TXAM
|
| 100 |
1 |
|
|a Langer, Ewa.
|
| 245 |
1 |
0 |
|a Plasticizers Derived from Post-Consumer PET :
|b Research Trends and Potential Applications.
|
| 260 |
|
|
|a Saint Louis :
|b Elsevier Science & Technology Books,
|c 2019.
|
| 300 |
|
|
|a 1 online resource (230 pages)
|
| 336 |
|
|
|a text
|b txt
|2 rdacontent
|
| 337 |
|
|
|a computer
|b c
|2 rdamedia
|
| 338 |
|
|
|a online resource
|b cr
|2 rdacarrier
|
| 490 |
1 |
|
|a Plastics Design Library
|
| 588 |
0 |
|
|a Print version record.
|
| 650 |
|
0 |
|a Plasticizers.
|
| 650 |
|
2 |
|a Plasticizers
|
| 650 |
|
6 |
|a Plastifiants.
|
| 650 |
|
7 |
|a plasticizer.
|2 aat
|
| 650 |
|
7 |
|a Plasticizers
|2 fast
|
| 655 |
|
7 |
|a Electronic books.
|2 local
|
| 700 |
1 |
|
|a Bortel, Krzysztof.
|
| 700 |
1 |
|
|a Lenartowicz-Klik, Marta.
|
| 700 |
1 |
|
|a Wakiewicz, Sylwia.
|
| 710 |
2 |
|
|a Knovel (Firm)
|
| 758 |
|
|
|i has work:
|a Plasticizers Derived from Post-consumer PET (Text)
|1 https://id.oclc.org/worldcat/entity/E39PD3JpD6Y3hprmVfmDrFdGYd
|4 https://id.oclc.org/worldcat/ontology/hasWork
|
| 776 |
0 |
8 |
|i Print version:
|a Langer, Ewa.
|t Plasticizers Derived from Post-Consumer PET : Research Trends and Potential Applications.
|d Saint Louis : Elsevier Science & Technology Books, ©2019
|z 9780323462006
|
| 830 |
|
0 |
|a Plastics Design Library.
|
| 856 |
4 |
0 |
|u http://proxy.library.tamu.edu/login?url=https://app.knovel.com/hotlink/toc/id:kpPDPCPET1/plasticizers-derived-from?kpromoter=marc
|z Connect to the full text of this electronic book
|t 0
|
| 936 |
|
|
|a BATCHLOAD
|
| 955 |
|
|
|a Knovel ebooks
|
| 994 |
|
|
|a 92
|b TXA
|
| 999 |
f |
f |
|i 083106d3-8d67-4daa-8f3f-212884ee47d8
|s 3749ccbd-dd58-4122-a963-283170948b86
|t 0
|
| 952 |
f |
f |
|a Texas A&M University
|b College Station
|c Electronic Resources
|s www_evans
|d Available Online
|t 0
|e TP247.7 .L36 2020
|h Library of Congress classification
|
| 998 |
f |
f |
|a TP247.7 .L36 2020
|t 0
|l Available Online
|